000 00650nam a2200205Ia 4500
005 20250508153428.0
008 008 250505s9999 xx 000 0 eng d
037 _aBooks to be hide in OPAC
040 _aFEDL
_beng
_cFEDL
041 _aeng
_2eng
084 _a371.102, UNI/O
_qFEDL
100 _aWhitelaw John B
245 0 _aTeaching as a career
245 0 _cU S Department of Health, Education, and Welfare
260 _aWashington, USA
_bU.S. Government Printing Office
_c1959
300 _a34p.
700 _a Radcliffe Shirley Friedlander Forence
_9763986
942 _cHB
_h371.102, UNI/O
999 _c1342804
_d1342804